| 000 | 00000nam##2200000za#4500 |
| 001 | 9.698529 |
| 003 | CaOODSP |
| 005 | 20210624235953 |
| 007 | cr ||||||||||| |
| 008 | 150407|2013||||xxc|||||o f|0| 0 eng|d |
| 020 | |a978-1-100-22794-8 |
| 040 | |aCaOODSP|beng |
| 043 | |an-cn--- |
| 086 | 1 |aM144-220/2013E-PDF |
| 110 | 1 |aCanada.|bNatural Resources Canada. |bOffice of Energy Efficiency. |
| 245 | 10|aDrive lean, drive clean : |h[electronic resource]|bbest practices for fuel-efficient driving - highway trucking |
| 260 | |aOttawa - Ontario : |bNatural Resources Canada. |cc2013. |
| 300 | |a15p.|bgraph, illus., photographs |
| 590 | |a15-02-Supp|b2015-02-16 |
| 690 | 07|aEnergy efficiency|2gcpds |
| 690 | 07|aTrucking industry|2gcpds |
| 690 | 07|aDriving|2gcpds |
| 775 | 08|tConduite sans gaspillage, conduite propre : |w(CaOODSP)9.642536 |
| 776 | 0#|tDrive lean, drive clean : |w(CaOODSP)9.677707 |
| 776 | 0#|tConduire sans gaspillage, conduire proper : |w(CaOODSP)9.677708 |
| 856 | 40|ahttp://publications.gc.ca|qPDF|s1471 KB|uhttps://publications.gc.ca/collections/collection_2015/rncan-nrcan/M144-220-2013-eng.pdf |